| 000 | 00778cam a2200229 a 4500 | ||
|---|---|---|---|
| 001 | 000034027 | ||
| 005 | 20200930070719.0 | ||
| 008 | 990531s2007 cl a 000|0 spa | ||
| 020 | _a9789583001017 | ||
| 040 |
_aDO-SdBNP _bspa _cBNPHU |
||
| 082 |
_a862.3 _bM722b |
||
| 100 | 1 |
_aMolina, Tirso de, _d1579-1648 _95246 |
|
| 245 | 1 | 3 |
_aEl burlador de Sevilla : _bdon Juan Tenorio / _cTirso de Molina ; prólogo Leanor Martínez Echaverria. |
| 260 |
_aBogotá : _bPanamericana Editorial, _c2007. |
||
| 300 |
_a520 p. : _bil. ; _c21 cm. |
||
| 490 | 1 |
_aPunto de lectura _v300/5 |
|
| 500 | _aCuarta reimpresión | ||
| 650 | 4 |
_aTeatro español _93071 |
|
| 650 | 4 |
_aLiteratura española _9632 |
|
| 700 | 1 |
_aMartínez Echaverria, Leanor _959474 |
|
| 830 | 0 |
_aPunto de lectura ; _v300/5 _93047 |
|
| 999 |
_c33518 _d33518 |
||